000 00784cab a2200253 4500
001 WB3205-25
008 090401t1996 xxu||||| |||| 00| 0 eng d
035 _a(Sirsi) u14152
041 _aeng
245 _aPFI equity fund launched
260 _c1996
350 _a0
490 _aFinancial Times
_v29 January 1996, 6
490 _aTimes
_v30 January 1996, 24
490 _aIndependent
_v30 January 1996, 17 (2)
520 _aThe first equity fund to invest in projects promoted by the government`s private finance initiative has been launched.
650 _aEQUITY FUND
650 _aINISFREE PFI FUND
650 _aPRIVATE FINANCE INITIATIVE
650 _aPRIVATE INVESTMENT
690 _aPROPERTY-PROPERTY FINANCE AND INVESTMENT
942 _n0
948 _c04/03/1997
999 _c9187
_d9187